00453cam a22001574a 4500020002500000041000800025082001600033100002300049245005000072260004200122300001900164490002900183650002700212650003700239700001900276 a9781570758607 (pbk.) aENG00a261.27bOMA1 aMichel, Thomas F.,12aA Christian view of Islam :Essays on Dialogue aMaryknoll, NY :bOrbis Books,cc2010. axxiv, 214 p. ;0 aFaith meets faith series 0aInterfaith - Relations 0aChristianity and other religions1 aOmar, Irfan A.